000 00272nam a2200097Ia 4500
082 _aJ 676 STEVE
245 0 _aPaper : from books to boxes
100 _a Stevens, Beth Dvergsten Logan, Iowa, 2004
_970158
942 _cBK
008 210817s9999 xx 000 0 und d
999 _c227116
_d227112